Εφαρμογές περιβαλλοντικής πολιτικής στη διαχείριση της παράκτιας ζώνης του νομού Μεσσηνίας με ειδική αναφορά στη βιώσιμη περιβαλλοντική διαχείριση των λιμενικών ζωνών
Saved in:
| Main Author: | |
|---|---|
| Corporate Author: | |
| Other Authors: | |
| Format: | Thesis Book |
| Language: | Greek |
| Published: |
2008
|
| Subjects: | |
| Online Access: | http://hdl.handle.net/11610/6994 |
| Tags: |
Add Tag
No Tags, Be the first to tag this record!
|
MARC
| LEADER | 00000cam a2200000 i 4500 | ||
|---|---|---|---|
| 001 | 1/105933 | ||
| 008 | 090605s2008 gre d | ||
| 035 | |l 10105017 | ||
| 040 | |a GR-MY-UA |b gre |e aacr | ||
| 041 | 0 | |a gre | |
| 082 | 0 | |a 333.917 |2 (22) | |
| 100 | 1 | |a Αλειφέρη, Ολυμπία. | |
| 245 | 1 | 0 | |a Εφαρμογές περιβαλλοντικής πολιτικής στη διαχείριση της παράκτιας ζώνης του νομού Μεσσηνίας με ειδική αναφορά στη βιώσιμη περιβαλλοντική διαχείριση των λιμενικών ζωνών / |c Αλειφέρη Ολυμπία ; επιβλέπων καθηγητής: Αριστοτέλης Αλεξόπουλος |
| 260 | |c 2008 | ||
| 300 | |a 106 σ.; |b εικ.; |c 30 εκ. | ||
| 502 | |a Πτυχιακή εργασία – Πανεπιστήμιο Αιγαίου, Λέσβος, 2008. | ||
| 504 | |a Βιβλιογραφία: σ. 103-106 | ||
| 650 | 0 | |a Coastal zone management |z Greece |z Messenia. | |
| 650 | 0 | |a Environmental management |z Greece |z Messenia. | |
| 650 | 0 | 0 | |a Dissertations, Academic |z Greece. |
| 651 | 0 | |a Messenia (Greece) |x Environmental conditions. | |
| 700 | 1 | |4 ths |a Αλεξόπουλος, Αριστοτέλης Β. | |
| 710 | 2 | |a Πανεπιστήμιο Αιγαίου |b Σχολή Περιβάλλοντος |b Τμήμα Επιστημών της Θάλασσας. | |
| 852 | |a INST |b LESVOS |c DIATR |e 20090605 |h 281 |p 005100045248 |q 005100045248 |t DIE |y 23 | ||
| 852 | |a INST |b LESVOS |c DIATR |e 20090605 |h 282 |p 005100045249 |q 005100045249 |t DIE |y 23 | ||
| 856 | |u http://hdl.handle.net/11610/6994 | ||
| 901 | |a BIBL1-2009-2 | ||
| 909 | |a Λ |b 137617 | ||
| 909 | |a Λ |b 137618 | ||
| 924 | |a ΑΛΕΙΦΕΡΗ |b ΟΛΥΜΠΙΑ |y ΛΕΣΒΟΣ |z 2008-09 | ||
| 970 | |a ΤΖΑΦΕΡΗ |b ΕΥΑΓΓΕΛΙΑ |z 2009/06/05 | ||